01348nam a2200229 a 450000100100000000500170001000800410002702000180006804000250008604100130011110000260012424503110015024601460046126000370060730000330064456300720067754600250074995201050077495201110087995201110099099900170110100004026720201002034024.0130821s2013 dr a 000 0 spa d a9780982694824 aDO-SdBNPbspacBNPHU17aspa2eng1 aBlanco, Rufina96654010aCrucé mojada la frontera... para triunfar :bte cuento mi historia, para aumentar tu persistencia, porque sí se puede alcazar lo que se anhela =I cross the border as a wetback... to succeed : let me tell you my story to increase your persistence, because you can get what you dream of /cRufina Blanco.13aI cross the border as a wetback... to succeed :blet me tell you my story to increase your persistence, because you can get what you dream of aSanto Domingo :bDe Arte,c2013. a116, 116 p. :bil. ;c18 cm. aObras con paginación independiente en encuadernación invertida. aEspañol e inglés 0010718PDaGRbGRcCTd2013-08-21iLF1l0o p40267-10r2020-06-25w2020-06-25yLFPDZNo se presta 0010718PDaGRbGRcCTd2013-08-21iLF1l0o p40267-20r2020-06-25te. 2w2020-06-25yLFPDZNo se presta 0010718DSaGRbGRcCTd2013-08-21iLF1l0o p40267-30r2020-06-25te. 3w2020-06-25yLFDSZNo se presta c39757d39757